Molecular Biology and Biochemistry (Record no. 3740)

MARC details
000 -LEADER
fixed length control field 00369nam a22001457a 4500
008 - FIXED-LENGTH DATA ELEMENTS--GENERAL INFORMATION
fixed length control field 250602b |||||||| |||| 00| 0 eng d
020 ## - INTERNATIONAL STANDARD BOOK NUMBER
ISBN JZ 1067.S 25
100 ## - MAIN ENTRY--AUTHOR
Author Sharma Tnvenii
245 ## - TITLE STATEMENT
Title Molecular Biology and Biochemistry
260 ## - PUBLICATION, DISTRIBUTION, ETC. (IMPRINT)
Place of publication New Delhi
Name of publisher Landom Publication
Date of publication 2020
300 ## - COLLATION
Pagination 284p
650 ## - TRACINGS
Main Subject Biochemistry
942 ## - ADDED ENTRY ELEMENTS (KOHA)
Item type Books
050 ## - LIBRARY OF CONGRESS CALL NUMBER
Classification number QP514.2
Item number .543
Holdings
Source of classification or shelving scheme Not for loan Permanent location Current location Date acquired Accession No. Full call number Barcode. Koha item type
Library of Congress Classification   Samuel Ogbemudia Main Library, University of Abuja Samuel Ogbemudia Main Library, University of Abuja 06/02/2025 2025/65012 QP514.2.543 2025-2307 Books